000 00484nam a22001697a 4500
005 20240626131226.0
008 240626b |||||||| |||| 00| 0 eng d
041 _aEnglish
082 _a349 HAL
100 _lEnglish
245 _aHalsbury's Laws of England
250 _aFourth Edition
260 _aLondon:
_bButterworth and Co. Publishers Ltd,
_c1992
300 _b985 pages;
_c26 cm.
650 _aLegal practice
_bLaw
942 _cBK
_6ALISON_BN_VRIES
999 _c2026
_d2026